00426nam a22001337a 4500003000400000005001700004008004100021020001500062050002100077100002400098245010200122260004400224300002400268OSt20141120152555.0121122t xxu||||| |||| 00| 0 eng d a0439574285 aPZ 3b.D772 2003 aDoyle, Arthur Conan aThe adventures of sherlock holmes /cSir Arthur Conan Doyle ; with an introduction by Eoin Colfer aNew York, NY :bScholastic Inc.,c2003. a321 pages :c18 cm.